| 000 | 00608nam a2200229Ia 4500 | ||
|---|---|---|---|
| 003 | OSt | ||
| 005 | 20220925230107.0 | ||
| 006 | a|||||r|||| 00| 0 | ||
| 007 | ta | ||
| 008 | 220923b |||||||| |||| 00| 0 eng d | ||
| 037 | _cGeneral Book | ||
| 040 |
_aRTL _cRTL _beng |
||
| 041 |
_2eng _aeng |
||
| 082 | _aX:891, N5 | ||
| 100 |
_aAdams John _9116900 |
||
| 245 | 0 | _aRisk | |
| 260 |
_aLondon _bU C L Press U. K. _c1995 |
||
| 300 |
_axii, 228p. Bibliography p.217-23 _ccm. |
||
| 650 |
_aRisk Management _9231800 |
||
| 942 |
_hX:891, N5 _cGB _2CC |
||
| 999 |
_c584688 _d584688 |
||